[Event "31. DSenEM2019 Gruppe 65+"]
[Site "Radebeul"]
[Date "2019.05.04"]
[Round "9.28"]
[White "Meier, Wolfgang"]
[Black "Fleischer, Matthias"]
[Result "1-0"]
[BlackElo "1923"]
[BlackTeam "SV Einheit Schwerin"]
[EventDate "2019.??.??"]
[PlyCount "101"]
[WhiteElo "2092"]
[WhiteTeam "SSV Altenberg"]

1. d4 e6 2. c4 d5 3. Nf3 c6 4. b3 Nf6 5. Nbd2 Bb4 6. Qc2 Qa5 7. e3 Ne4 8. Bd3 f5
9. O-O Nxd2 10. Nxd2 Nd7 11. a3 Bd6 12. c5 Be7 13. f4 Bf6 14. Nf3 Nf8 15. Bd2
Qd8 16. b4 a6 17. a4 Bd7 18. Qb3 Ng6 19. Be1 O-O 20. Kh1 Kh8 21. Rg1 Nh4 22.
Bxh4 Bxh4 23. g3 Bf6 24. Be2 g6 25. h3 g5 26. Rg2 Qe7 27. Rf1 Rab8 28. Qc2 b5
29. axb5 axb5 30. Ra1 Ra8 31. Rgg1 Qg7 32. Ra2 Qh6 33. Bf1 g4 34. Ne5 Bxe5 35.
dxe5 gxh3 36. Kh2 Qh5 37. Be2 Qh6 38. Rga1 Rxa2 39. Rxa2 Kg7 40. Ra7 Rf7 41.
Qa2 Kg6 42. Rc7 Qg7 43. Qa8 h5 44. Qd8 Re7 45. Kxh3 Kh6 46. Ra7 Kh7 47. Bxh5
Kh6 48. Bf3 Kh7 49. Kg2 Kh6 50. Rxd7 Rxd7 51. Qh4+  1-0

[Event "31. DSenEM2019 Gruppe 65+"]
[Site "Radebeul"]
[Date "2019.05.04"]
[Round "9.29"]
[White "Esswein, Karlheinz"]
[Black "Müller, Lutz"]
[Result "1-0"]
[BlackElo "1985"]
[BlackTeam "SC Bad Königshofen"]
[EventDate "2019.??.??"]
[PlyCount "81"]
[WhiteElo "2077"]
[WhiteTeam "SK Ludwigshafen"]

1. e4 c5 2. Nf3 d6 3. d4 cxd4 4. Nxd4 Nf6 5. Nc3 g6 6. Be3 Bg7 7. Bc4 Nc6 8. f3
Bd7 9. Qd2 h5 10. O-O-O Rc8 11. Bb3 Na5 12. Bg5 Nxb3+ 13. axb3 Rc5 14. Kb1 h4
15. Be3 a6 16. Rhe1 Rch5 17. Nde2 O-O 18. Nf4 Re5 19. Qf2 Be6 20. Nd3 Rh5 21.
Ne2 Qa8 22. Nef4 Rh7 23. Qd2 Bd7 24. Nb4 Bc6 25. Qe2 b5 26. Bf2 Nh5 27. Nfd5
Bxd5 28. Nxd5 e6 29. Ne3 Qc6 30. Qd2 Be5 31. Ng4 Rc8 32. Nxe5 dxe5 33. Bxh4 Kg7
34. Bg5 Rhh8 35. g3 Rc7 36. c3 Rhc8 37. Qd6 Qxd6 38. Rxd6 Ra7 39. Be3 Raa8 40.
Red1 Nf6 41. R1d2  1-0

[Event "31. DSenEM2019 Gruppe 65+"]
[Site "Radebeul"]
[Date "2019.05.04"]
[Round "9.31"]
[White "Boeven, Manfred"]
[Black "Waltenberger, Udo"]
[Result "1/2-1/2"]
[BlackElo "1944"]
[BlackTeam "SV Eiche Reichenbrand"]
[EventDate "2019.??.??"]
[PlyCount "26"]
[WhiteElo "2066"]
[WhiteTeam "SF Geilenkirchen"]

1. d4 Nf6 2. Nc3 d5 3. Bg5 Nbd7 4. e3 c6 5. Nf3 g6 6. Bd3 Bg7 7. O-O O-O 8. Re1
Re8 9. e4 dxe4 10. Nxe4 Nxe4 11. Bxe4 Nf6 12. Bd3 Bg4 13. c3 Qd5  1/2-1/2

[Event "31. DSenEM2019 Gruppe 65+"]
[Site "Radebeul"]
[Date "2019.05.04"]
[Round "9.32"]
[White "Eskandary, Jahya"]
[Black "Scharff, Klaus"]
[Result "1/2-1/2"]
[BlackElo "1918"]
[BlackTeam "SV Opladen"]
[EventDate "2019.??.??"]
[PlyCount "67"]
[WhiteElo "2062"]
[WhiteTeam "SV Lok Dresden"]

1. e4 e6 2. d4 d6 3. Be3 Nd7 4. Nc3 a6 5. a4 Ne7 6. Qd2 c6 7. Nge2 Qc7 8. f4 f5
9. e5 d5 10. Ng1 c5 11. Nf3 b6 12. Be2 Ng8 13. O-O Nh6 14. Ng5 Nb8 15. h3 Nf7
16. Nf3 Nd7 17. Nxd5 exd5 18. e6 c4 19. exf7+ Kxf7 20. Ne5+ Kg8 21. Bf3 Bb7 22.
c3 Nf6 23. Qc2 Ne4 24. g4 fxg4 25. hxg4 Bd6 26. Qg2 Rf8 27. Bxe4 dxe4 28. Rf2
Rf6 29. g5 Rf5 30. Qg4 Bc8 31. Qg2 Bb7 32. Qg4 Bc8 33. Qg2 Bb7 34. Qg4  1/2-1/2

[Event "31. DSenEM2019 Gruppe 65+"]
[Site "Radebeul"]
[Date "2019.05.04"]
[Round "9.33"]
[White "Meißner, Werner"]
[Black "Steingrobe, Udo"]
[Result "1-0"]
[BlackElo "2056"]
[BlackTeam "Schachfüchse Kempen"]
[EventDate "2019.??.??"]
[PlyCount "96"]
[WhiteElo "1665"]
[WhiteTeam "SV TuR Dresden"]

1. e4 d6 2. d4 Nf6 3. Nc3 Nbd7 4. Nf3 e5 5. dxe5 dxe5 6. Bc4 Be7 7. O-O O-O 8.
h3 c6 9. Qe2 b5 10. Bb3 Qc7 11. a3 a5 12. Rd1 Nc5 13. Bg5 Ba6 14. Qe3 Nxb3 15.
cxb3 Rfd8 16. Rac1 Qa7 17. Qxa7 Rxd1+ 18. Rxd1 Rxa7 19. Nxe5 Rc7 20. Nd7 b4 21.
Bxf6 gxf6 22. Na4 bxa3 23. bxa3 Bxa3 24. Nxf6+ Kf8 25. e5 Ke7 26. Ne4 Bb5 27.
Nac5 Bb4 28. f4 Bxc5+ 29. Nxc5 f6 30. exf6+ Kxf6 31. g4 Re7 32. Rd6+ Kf7 33.
Nd3 Re3 34. Ne5+ Ke7 35. Rd7+ Ke6 36. Rxh7 Rxb3 37. g5 Bd3 38. Rh6+ Kf5 39.
Rf6+ Ke4 40. g6 Rb1+ 41. Kg2 Rb2+ 42. Kg3 Bf1 43. Ng4 Rb3+ 44. Kh4 Rxh3+ 45.
Kg5 Rg3 46. Re6+ Kd5 47. Re3 Rg2 48. g7 Be2  1-0

[Event "31. DSenEM2019 Gruppe 65+"]
[Site "Radebeul"]
[Date "2019.05.04"]
[Round "9.34"]
[White "Niebuhr, Gerd"]
[Black "Schulz, Wolfgang"]
[Result "1/2-1/2"]
[BlackElo "2048"]
[BlackTeam "Hamburger SK"]
[EventDate "2019.??.??"]
[PlyCount "60"]
[WhiteElo "1899"]
[WhiteTeam "Freibauer Wedemark"]

1. d4 Nf6 2. c4 g6 3. Nc3 Bg7 4. e4 d6 5. Nf3 O-O 6. Be2 Na6 7. O-O e5 8. dxe5
dxe5 9. Qxd8 Rxd8 10. Bg5 h6 11. Bh4 Re8 12. Nd2 c6 13. Nb3 Be6 14. Bg3 Nd7 15.
f3 Rad8 16. Bf2 Bf8 17. Rfd1 Nac5 18. Na5 Nb8 19. b4 b6 20. Nxc6 Nxc6 21. bxc5
Bxc5 22. Nd5 Bxf2+ 23. Kxf2 Bxd5 24. cxd5 Nd4 25. Rac1 Rc8 26. Ba6 Rc5 27. Rxc5
bxc5 28. Rb1 Kf8 29. Rb7 Re7 30. Rb8+ Re8  1/2-1/2

[Event "31. DSenEM2019 Gruppe 65+"]
[Site "Radebeul"]
[Date "2019.05.04"]
[Round "9.35"]
[White "Seidel, Arnold"]
[Black "Schubert, Joachim"]
[Result "0-1"]
[Annotator "lenovo"]
[BlackElo "1863"]
[BlackTeam "SC Friesen Lichtenberg"]
[EventDate "2019.??.??"]
[PlyCount "78"]
[WhiteElo "2018"]
[WhiteTeam "Kali Wolmirstedt"]

1. e4 c5 2. Nf3 Nc6 3. d4 cxd4 4. Nxd4 Nf6 5. Nc3 d6 6. Bc4 e6 7. O-O Be7 8. Re1
a6 9. Nxc6 bxc6 10. e5 Nd5 11. exd6 Qxd6 12. Qg4 Bf6 13. Ne4 Qe7 14. Nxf6+ Qxf6
15. c3 O-O 16. Bd3 g6 17. Bg5 Qg7 18. Qh4 h5 19. c4 f6 20. cxd5 fxg5 21. Qxg5
exd5 22. Re7 Rf7 23. Rxf7 Kxf7 24. Re1 Be6 25. Bxg6+ Qxg6 26. Qxg6+ Kxg6 27.
Rxe6+ Kf5 28. Rxc6 Ke4 29. Kf1 Kd3 30. Rc3+ Kd2 31. f4 d4 32. Rf3 d3 33. f5 Kc2
34. Kf2 Re8 35. Kf1 Re2 36. Rxd3 Kxd3 37. h3 Rxb2 38. g4 hxg4 39. hxg4 Ke4  0-1

[Event "31. DSenEM2019 Gruppe 65+"]
[Site "Radebeul"]
[Date "2019.05.04"]
[Round "9.36"]
[White "Krotofil, Kurt"]
[Black "Petzold, Hans"]
[Result "1/2-1/2"]
[BlackElo "2017"]
[BlackTeam "USV TU Dresden"]
[EventDate "2019.??.??"]
[PlyCount "62"]
[WhiteElo "1840"]
[WhiteTeam "Niendorfer TSV"]

1. d4 Nf6 2. c4 e6 3. Nc3 Bb4 4. Qc2 Nc6 5. Nf3 d6 6. Bd2 e5 7. e3 O-O 8. d5
Bxc3 9. Bxc3 Ne7 10. Bd3 c5 11. Ng5 h6 12. Nh7 Nxh7 13. Bxh7+ Kh8 14. Bd3 f5
15. f4 b5 16. b3 e4 17. Be2 b4 18. Bb2 Bd7 19. Kd2 a5 20. h3 a4 21. Rag1 Kh7
22. g4 axb3 23. axb3 g6 24. gxf5 Bxf5 25. Bg4 Qe8 26. Ra1 Qd7 27. Rxa8 Rxa8 28.
Ra1 Qc8 29. Rxa8 Qxa8 30. Qb1 Qc8 31. Ba1 Qf8  1/2-1/2

[Event "31. DSenEM2019 Gruppe 65+"]
[Site "Radebeul"]
[Date "2019.05.04"]
[Round "9.37"]
[White "Goldberg, Valerij"]
[Black "Möws, Harald"]
[Result "1-0"]
[BlackElo "1737"]
[BlackTeam "SV Einheit Schwerin"]
[EventDate "2019.??.??"]
[PlyCount "69"]
[WhiteElo "2117"]
[WhiteTeam "SV Lok Dresden"]

1. e4 e6 2. d4 c6 3. f4 Be7 4. Nf3 d5 5. e5 Nh6 6. Bd3 Nd7 7. O-O O-O 8. c3 a6
9. Na3 c5 10. Bb1 b5 11. Nc2 a5 12. a3 Bb7 13. Bd2 Nf5 14. g4 Nh6 15. Ne3 g6
16. g5 Nf5 17. Ng4 b4 18. Bxf5 exf5 19. Nh6+ Kg7 20. axb4 axb4 21. Rxa8 Qxa8
22. cxb4 Qa6 23. Qe2 Qe6 24. h4 Ra8 25. h5 Ra2 26. Bc3 Nb6 27. Qc2 Bc6 28. Qb1
Ra4 29. Qe1 Ra2 30. hxg6 hxg6 31. Qh4 Bf8 32. Kg2 Be7 33. Rh1 Kf8 34. Nxf5 f6
35. Qh8+  1-0

[Event "31. DSenEM2019 Gruppe 65+"]
[Site "Radebeul"]
[Date "2019.05.04"]
[Round "9.38"]
[White "Nosek, Reinhard"]
[Black "Biller, Helmut"]
[Result "1-0"]
[BlackElo "2010"]
[BlackTeam "SF Frankfurt"]
[EventDate "2019.??.??"]
[PlyCount "123"]
[WhiteElo "1913"]
[WhiteTeam "SF Torgau"]

1. d4 Nf6 2. Bf4 d5 3. Nd2 c5 4. e3 e6 5. Ngf3 Nc6 6. c3 Bd6 7. Ne5 Qc7 8. Ndf3
O-O 9. Bd3 b6 10. Nxc6 Qxc6 11. Ne5 Qc7 12. Bg3 a5 13. Qe2 Bb7 14. O-O c4 15.
Bc2 b5 16. f4 Ne4 17. Bh4 f6 18. Nf3 f5 19. g4 b4 20. Be1 Rab8 21. Qg2 Ba8 22.
Bxe4 dxe4 23. Ng5 Bd5 24. h4 Rb6 25. Qe2 Rfb8 26. Rf2 a4 27. Rg2 a3 28. gxf5
exf5 29. Qh5 g6 30. Nxh7 Bf7 31. Qh6 Bf8 32. Nf6+ Rxf6 33. Qg5 axb2 34. Rb1
Rfb6 35. Qxf5 Qc6 36. h5 Qe6 37. Qg5 Be7 38. Qh6 Bf8 39. Qg5 Rb5 40. Qh4 Be7
41. Qh2 Qf5 42. hxg6 Bxg6 43. Rbxb2 R8b6 44. cxb4 Bxb4 45. Rg5 Qf7 46. Rxb5
Rxb5 47. Bxb4 c3 48. Rb3 Qc4 49. Rxc3 Qxb4 50. Rc8+ Kf7 51. Rc7+ Kg8 52. Rc1
Qd6 53. Qc2 Bf5 54. Kf2 Kf8 55. a4 Rb7 56. Qc3 Qf6 57. Rh1 Kg7 58. Rg1+ Kf8 59.
Rg5 Rf7 60. Qb4+ Qe7 61. Qb8+ Qe8 62. Rg8+  1-0

[Event "31. DSenEM2019 Gruppe 65+"]
[Site "Radebeul"]
[Date "2019.05.04"]
[Round "9.39"]
[White "Leisen, Peter"]
[Black "Staub, Gerhard"]
[Result "1/2-1/2"]
[BlackElo "2010"]
[BlackTeam "SV Schwaikheim"]
[EventDate "2019.??.??"]
[PlyCount "47"]
[WhiteElo "1872"]
[WhiteTeam "SV Bönen"]

1. d4 Nf6 2. Nf3 b6 3. g3 Bb7 4. Bg2 e6 5. O-O Be7 6. c4 O-O 7. Nc3 Ne4 8. Nxe4
Bxe4 9. Nd2 Bxg2 10. Kxg2 d5 11. e4 dxe4 12. Nxe4 Nd7 13. Bf4 Nf6 14. Nxf6+
Bxf6 15. Be5 c5 16. Bxf6 Qxf6 17. dxc5 bxc5 18. Qe2 Rfd8 19. Rfd1 Rxd1 20. Rxd1
Rd8 21. Rxd8+ Qxd8 22. Qe5 Qb6 23. b3 f6 24. Qe4  1/2-1/2

[Event "31. DSenEM2019 Gruppe 65+"]
[Site "Radebeul"]
[Date "2019.05.04"]
[Round "9.40"]
[White "Pundt, Wilfried"]
[Black "Zschunke, Werner"]
[Result "1/2-1/2"]
[BlackElo "2002"]
[BlackTeam "SK Schweinfurt"]
[EventDate "2019.??.??"]
[PlyCount "61"]
[WhiteElo "1861"]
[WhiteTeam "SK Bremen-Nord"]

1. e4 c5 2. b4 cxb4 3. a3 d5 4. exd5 Qxd5 5. Nf3 Bg4 6. axb4 Bxf3 7. Qxf3 Qxf3
8. gxf3 Nc6 9. c3 e6 10. d4 Bd6 11. Bd2 Nf6 12. b5 Ne7 13. b6 O-O 14. bxa7 Nc6
15. Bg2 Nd5 16. O-O Nf4 17. Be3 Nxa7 18. c4 Nc6 19. Rxa8 Rxa8 20. Nc3 Bb8 21.
Rb1 Nd8 22. Bxf4 Bxf4 23. Ne2 g5 24. h4 Bd2 25. hxg5 Bxg5 26. f4 Bf6 27. Bxb7
Rb8 28. Be4 Rxb1+ 29. Bxb1 Nc6 30. d5 exd5 31. cxd5  1/2-1/2

[Event "31. DSenEM2019 Gruppe 65+"]
[Site "Radebeul"]
[Date "2019.05.04"]
[Round "9.41"]
[White "Just, Joachim"]
[Black "Gebuhr, Günter"]
[Result "1/2-1/2"]
[BlackElo "1883"]
[BlackTeam "SSV Weimar"]
[EventDate "2019.??.??"]
[PlyCount "66"]
[WhiteElo "1970"]
[WhiteTeam "Motor Zeitz"]

1. d4 Nf6 2. Nf3 b6 3. g3 e6 4. Bg2 Bb7 5. O-O Be7 6. c4 O-O 7. Nc3 d6 8. Qc2
Nbd7 9. e4 c5 10. d5 e5 11. Nh4 Ng4 12. Nf5 g6 13. Nxe7+ Qxe7 14. h3 Ngf6 15.
Bg5 Rfe8 16. a4 Ba6 17. Nb5 Bxb5 18. axb5 Qf8 19. Qd2 Nh5 20. Bh6 Ng7 21. Ra3
Qe7 22. Rfa1 Nf8 23. g4 f6 24. f4 exf4 25. Bxf4 g5 26. Bg3 Ng6 27. Qc3 Ne5 28.
Bxe5 fxe5 29. Qd2 Rf8 30. Rf1 Rxf1+ 31. Kxf1 Rf8+ 32. Rf3 Rxf3+ 33. Bxf3 h6 
1/2-1/2

[Event "31. DSenEM2019 Gruppe 65+"]
[Site "Radebeul"]
[Date "2019.05.04"]
[Round "9.42"]
[White "Just, Gabriele"]
[Black "Zimmermann, Manfred"]
[Result "1/2-1/2"]
[Annotator "lenovo"]
[BlackElo "1968"]
[BlackTeam "Kieler SG"]
[EventDate "2019.??.??"]
[PlyCount "87"]
[WhiteElo "1855"]
[WhiteTeam "SG Leipzig"]

1. d4 d5 2. Nf3 Nf6 3. Bg5 e6 4. Nbd2 Be7 5. e3 Nbd7 6. Bd3 h6 7. Bxf6 Nxf6 8.
O-O O-O 9. c3 c5 10. a4 b6 11. Ne5 Bb7 12. Qf3 Nd7 13. Qh5 f5 14. Nxd7 Qxd7 15.
f4 Bc6 16. Bc2 c4 17. g4 Qe8 18. Qxe8 Bxe8 19. gxf5 exf5 20. Nf3 g6 21. Ne5 Kg7
22. Rf2 { ( = )}  22... Bd6 23. Raf1 Bxe5 24. fxe5 Bd7 25. Rg2 Kh7 26. h4 h5
27. Kh2 a6 28. Rfg1 Rg8 29. Bd1 b5 30. Bf3 Be6 31. Ra1 Kh6 32. Rgg1 Rgb8 33.
axb5 axb5 34. Kg3 Rg8 35. Kh2 Ra4 36. Rxa4 bxa4 37. Ra1 Ra8 38. Kg3 g5 39. Bd1
Bd7 40. Bc2 Kg6 41. Ra2 Bc6 42. Bd1 Kh6 43. Bc2 Kg6 44. Bd1  1/2-1/2

[Event "31. DSenEM2019 Gruppe 65+"]
[Site "Radebeul"]
[Date "2019.05.04"]
[Round "9.43"]
[White "Schroeder, Christian"]
[Black "Fleischer, Martin"]
[Result "1/2-1/2"]
[Annotator "lenovo"]
[BlackElo "1881"]
[BlackTeam "SV Einheit Schwerin"]
[EventDate "2019.??.??"]
[PlyCount "78"]
[WhiteElo "1957"]
[WhiteTeam "HSG Uni Rostock"]

1. c4 e6 2. d4 d5 3. Nf3 dxc4 4. Qa4+ Nc6 5. Qxc4 Nf6 6. Bg5 Qd5 7. Qxd5 Nxd5 8.
b3 Bd6 9. e4 Nb6 10. Bb5 Bd7 11. Nc3 h6 12. Be3 a6 13. Be2 O-O 14. O-O f6 15.
Rfd1 Be8 16. d5 exd5 17. Bxb6 cxb6 18. Nxd5 Ne5 19. Nxb6 Rd8 20. Nxe5 fxe5 21.
Nc4 Bf7 22. a4 Bxc4 23. Bxc4+ Kh7 24. Rd5 Rc8 25. h3 Bc5 26. Ra2 Bd4 27. Kf1
Rf6 28. f3 h5 29. Rd7 b6 30. Bxa6 Rc1+ 31. Ke2 Rg6 32. g3 Rc3 33. f4 Rgxg3 34.
fxe5 Bxe5 35. Rd5 Rc5 36. Rad2 Rxb3 37. Rd7 Rb4 38. Ra2 Rxe4+ 39. Kd3 Rcc4 { (
Notation unklar und unleserlich. Später remis im 58.Zug )}   1/2-1/2

[Event "31. DSenEM2019 Gruppe 65+"]
[Site "Radebeul"]
[Date "2019.05.04"]
[Round "9.44"]
[White "Türtmann, Dieter"]
[Black "Keeve, Martin"]
[Result "0-1"]
[BlackElo "1860"]
[BlackTeam "USV TU Dresden"]
[EventDate "2019.??.??"]
[PlyCount "104"]
[WhiteElo "1947"]
[WhiteTeam "ESV Eberswalde"]

1. Nf3 d6 2. b3 c6 3. Bb2 e5 4. e3 Nf6 5. d3 Be7 6. Be2 Nbd7 7. O-O Nf8 8. c4
Ng6 9. Nbd2 Qc7 10. Qc2 Bg4 11. h3 Bf5 12. Ne4 Rd8 13. Ng3 Bc8 14. Rad1 O-O 15.
Bc1 b6 16. e4 c5 17. Bd2 Bd7 18. b4 Ra8 19. a3 a6 20. Rb1 Rfb8 21. Rb2 Rb7 22.
Rfb1 Rab8 23. Qc1 Bd8 24. Ne1 Be7 25. Nc2 h6 26. Ne3 Nf4 27. Bf1 g6 28. Nc2 g5
29. Ne3 Kh7 30. Ngf5 Bf8 31. g3 Ne6 32. Bg2 Nd4 33. Qd1 b5 34. Nxd4 cxd4 35.
Nd5 Qd8 36. Qf3 Bg7 37. Rc1 Nxd5 38. cxd5 Kg8 39. Rf1 Rc7 40. Qd1 Rbc8 41. Kh2
f5 42. Qb1 Qe8 43. f3 f4 44. Rd1 h5 45. gxf4 exf4 46. Rg1 Be5 47. Bf1 g4 48.
hxg4 hxg4 49. Rxg4+ Kf8 50. Rg3 Qe7 51. Bh3 Qh4 52. Qe1 Bxh3  0-1

[Event "31. DSenEM2019 Gruppe 65+"]
[Site "Radebeul"]
[Date "2019.05.04"]
[Round "9.45"]
[White "Bieberle, Gerhart"]
[Black "Grube, Kurt"]
[Result "1-0"]
[BlackElo "1594"]
[BlackTeam "SG Osnabrück"]
[EventDate "2019.??.??"]
[PlyCount "141"]
[WhiteElo "1941"]
[WhiteTeam "PTSV Aachen"]

1. d4 d5 2. Bf4 Nf6 3. e3 Nbd7 4. Bd3 c5 5. c3 e6 6. h3 Be7 7. Ne2 c4 8. Bc2 O-O
9. g4 Nb6 10. Nd2 Bd6 11. Bg3 Bxg3 12. Nxg3 Qe7 13. f4 Bd7 14. Nf3 Bc6 15. g5
Nfd7 16. h4 f5 17. gxf6 Nxf6 18. Ne5 Be8 19. Kd2 Nbd7 20. Qe2 Rc8 21. Rag1 b5
22. a3 a5 23. Ra1 b4 24. axb4 axb4 25. Ra7 b3 26. Bb1 Qd8 27. h5 Qb6 28. Ra1
Qb7 29. Qg2 Nxe5 30. fxe5 Ng4 31. Rf1 Bc6 32. Rf4 Rxf4 33. exf4 Nh6 34. f5 exf5
35. Bxf5 Rf8 36. Rf1 Qe7 37. Kd1 Kh8 38. Bh3 Kg8 39. Rxf8+ Qxf8 40. Be6+ Kh8
41. Bxd5 Bxd5 42. Qxd5 Ng4 43. Qc6 h6 44. e6 Qf2 45. Qe8+ Kh7 46. Qg6+ Kg8 47.
Qxg4 Qc2+ 48. Ke1 Qc1+ 49. Kf2 Qxb2+ 50. Ne2 Qa3 51. Qg6 Qe7 52. Ke1 b2 53. Kd2
b1=Q 54. Qxb1 Qxe6 55. Qb5 Kh8 56. Qe5 Qa6 57. d5 Qa2+ 58. Ke3 Qa7+ 59. Nd4 Qa1
60. Nf3 Qc1+ 61. Ke4 Qc2+ 62. Kf4 Qc1+ 63. Qe3 Qa3 64. Qe8+ Kh7 65. Qe4+ Kh8
66. Qxc4 Qd6+ 67. Ke4 Qd7 68. Ne5 Qe7 69. Qc8+ Kh7 70. Qg4 Kg8 71. Qe6+  1-0

[Event "31. DSenEM2019 Gruppe 65+"]
[Site "Radebeul"]
[Date "2019.05.04"]
[Round "9.46"]
[White "Hadlich, Winfried"]
[Black "Ehlert, Joachim"]
[Result "1/2-1/2"]
[BlackElo "1918"]
[BlackTeam "SV Lok Dresden"]
[EventDate "2019.??.??"]
[PlyCount "21"]
[WhiteElo "1854"]
[WhiteTeam "SV Holstein Quickborn"]

1. d4 Nf6 2. Bf4 d5 3. h3 e6 4. e3 Bd6 5. Bxd6 Qxd6 6. c3 O-O 7. Nf3 b6 8. Bd3
a5 9. O-O Ba6 10. Re1 Bxd3 11. Qxd3  1/2-1/2

[Event "31. DSenEM2019 Gruppe 65+"]
[Site "Radebeul"]
[Date "2019.05.04"]
[Round "9.47"]
[White "Wolke, Reimund"]
[Black "Fauth, Frank"]
[Result "1/2-1/2"]
[Annotator "lenovo"]
[BlackElo "1671"]
[BlackTeam "SV Jena"]
[EventDate "2019.??.??"]
[PlyCount "136"]
[WhiteElo "1916"]
[WhiteTeam "Hamburger SK"]

1. e4 d5 2. exd5 Qxd5 3. Nc3 Qa5 4. d4 Nf6 5. Nf3 Bg4 6. h3 Bf5 7. Bc4 e6 8. Bd2
Qb6 9. O-O Be7 10. d5 O-O 11. Bb3 exd5 { ( = )}  12. Be3 Qa5 13. Nxd5 Nxd5 14.
Qxd5 Qxd5 15. Bxd5 c6 16. Bb3 Bf6 17. c3 Nd7 18. Rad1 Rfd8 19. Rd2 Nb6 20. Rfd1
Rxd2 21. Rxd2 Rd8 22. Rxd8+ Bxd8 23. Ne5 Bg6 24. Nxg6 hxg6 25. Kf1 a6 26. Ke2
Nd7 27. Bc2 Bb6 28. Bd2 Kf8 29. b3 Ke7 { ( = )}  30. Bf4 Bc5 31. b4 Bd6 32. Be3
c5 33. a3 cxb4 34. cxb4 Ne5 35. Bb3 Bc7 36. Bd5 b6 37. Kd2 Kd6 38. Bb3 f6 39.
f4 Nd7 40. Bc4 a5 41. Bf7 axb4 42. axb4 Nf8 43. Kd3 Ke7 44. Bd5 Nd7 45. Kc4 f5
46. Kb5 Nf6 47. Bc6 Nh5 48. Bxb6 Kd8 49. Bxc7+ Kxc7 50. Kc5 Nxf4 51. b5 Kb8 52.
Kd6 g5 53. b6 g4 54. hxg4 fxg4 55. Ke5 Ng6+ 56. Ke6 g3 57. Be4 Nf4+ 58. Kf5 Ne2
59. Kg4 Nc3 60. Bf3 Na4 61. b7 Nc5 62. Kxg3 Nxb7 63. Bxb7 Kxb7 64. Kf4 Kc6 65.
Kf5 Kd6 66. Kg6 Ke5 67. g3 Ke4 68. g4 Kf4  1/2-1/2

[Event "31. DSenEM2019 Gruppe 65+"]
[Site "Radebeul"]
[Date "2019.05.04"]
[Round "9.48"]
[White "Kanibalotska, Elisabeth"]
[Black "Bogorad, Michail"]
[Result "0-1"]
[BlackElo "2104"]
[BlackTeam "Bahn-SC Wuppertal"]
[EventDate "2019.??.??"]
[PlyCount "114"]
[WhiteElo "1794"]
[WhiteTeam "SV Lok Dresden"]

1. d4 e6 2. Nf3 c5 3. c3 Nc6 4. Bf4 Qb6 5. Qb3 Qxb3 6. axb3 cxd4 7. cxd4 Bb4+ 8.
Bd2 Nf6 9. Nc3 Ke7 10. e3 d6 11. Bd3 Bd7 12. O-O Rhc8 13. Rfc1 Na5 14. Be2 b6
15. Na4 Bxd2 16. Nxd2 Nd5 17. Bd1 Nb4 18. Rxc8 Rxc8 19. h3 Nd3 20. Rb1 b5 21.
Nc3 Nxb2 22. Rxb2 Rxc3 23. Rc2 Rxc2 24. Bxc2 Nc6 25. Bd3 Nb4 26. Be2 d5 27. Kf1
Kd6 28. Ke1 Kc7 29. Kd1 Kb6 30. Kc1 a5 31. Kb2 Nc6 32. Nf3 f6 33. Bxb5 Na7 34.
Bd3 g6 35. h4 Bb5 36. Bc2 Bf1 37. g3 Be2 38. Nd2 Nb5 39. Nb1 Nd6 40. Nd2 Nf7
41. f4 Nh6 42. e4 f5 43. e5 Ng8 44. Kc1 Ne7 45. Bd1 Bg4 46. Bxg4 fxg4 47. Nf1
Nf5 48. Kd2 Nxd4 49. Ne3 Nxb3+ 50. Kd3 h5 51. Nc2 Kc5 52. Ne3 Nd4 53. Nf1 Nf5
54. Kc2 a4 55. Kd3 a3 56. Kc3 d4+ 57. Kc2 Kb4  0-1

[Event "31. DSenEM2019 Gruppe 65+"]
[Site "Radebeul"]
[Date "2019.05.04"]
[Round "9.49"]
[White "Lomer, Edmund"]
[Black "Andrienko, Anatoliy"]
[Result "1/2-1/2"]
[Annotator "lenovo"]
[BlackElo "1828"]
[BlackTeam "SF Köln-Longerich"]
[EventDate "2019.??.??"]
[PlyCount "84"]
[WhiteElo "2053"]
[WhiteTeam "Eckernförder SC"]

1. Nf3 d5 2. d4 Nf6 3. g3 e6 4. Bg2 c5 5. O-O Nc6 6. c4 dxc4 7. dxc5 Qxd1 8.
Rxd1 Bxc5 9. Nbd2 c3 10. bxc3 Bd7 11. Nb3 Be7 12. Bg5 h6 13. Bf4 Nd5 14. Bd2
Bf6 15. Nfd4 Nxd4 16. cxd4 O-O 17. e4 Nb6 18. e5 Be7 19. Bxb7 Rab8 20. Bf3 Nc4
21. Be1 Ba4 22. Rdc1 Rfc8 23. Be2 Nb6 24. Nc5 Bxc5 25. dxc5 Nd5 26. Bd3 Kf8 27.
f4 Nb4 28. Be4 Nd5 29. Bf2 Rb2 30. Rab1 Rxb1 31. Rxb1 Nc3 32. Rb4 Nxe4 33. Rxe4
Bc6 { ( = )}  34. Re1 Rd8 35. Ra1 Ke7 36. a4 Rd2 37. a5 a6 38. Kf1 Bb5+ 39. Kg1
Kd7 40. Be3 Rd3 41. Kf2 h5 42. Ra2 Kc6  1/2-1/2

[Event "31. DSenEM2019 Gruppe 65+"]
[Site "Radebeul"]
[Date "2019.05.04"]
[Round "9.50"]
[White "Weber, Martin"]
[Black "Haase, Wolfgang"]
[Result "0-1"]
[BlackElo "2013"]
[BlackTeam "SVG Caissa Kassel"]
[EventDate "2019.??.??"]
[PlyCount "82"]
[WhiteElo "1848"]
[WhiteTeam "SV Betzdorf-Kirchen"]

1. d4 f5 2. Bf4 Nf6 3. Nf3 g6 4. e3 Bg7 5. c4 d6 6. Nc3 O-O 7. Qb3 e6 8. Rd1 Qe7
9. Be2 Nc6 10. a3 h6 11. h3 Kh7 12. Qc2 e5 13. dxe5 dxe5 14. Bg3 e4 15. Nd4
Nxd4 16. exd4 c6 17. O-O Be6 18. Be5 Rad8 19. f4 Qf7 20. b3 b5 21. Nb1 a6 22.
a4 Ne8 23. Nd2 Bxe5 24. dxe5 Nc7 25. axb5 cxb5 26. Rc1 b4 27. Rfd1 Rd4 28. Nf1
Rfd8 29. Rxd4 Rxd4 30. Rd1 Qd7 31. h4 a5 32. Ne3 Na6 33. c5 Rxd1+ 34. Bxd1 Qd4
35. Qc1 Nxc5 36. Kh2 h5 37. Nc4 Bxc4 38. bxc4 e3 39. g3 e2 40. Bxe2 Qf2+ 41.
Kh3 Ne4  0-1

[Event "31. DSenEM2019 Gruppe 65+"]
[Site "Radebeul"]
[Date "2019.05.04"]
[Round "9.51"]
[White "Orlova, Liubov"]
[Black "Siewert, Wolfgang"]
[Result "1-0"]
[BlackElo "1807"]
[BlackTeam "SV Eiche Reichenbrand"]
[EventDate "2019.??.??"]
[PlyCount "157"]
[WhiteElo "1988"]
[WhiteTeam "TSV IFA Chemnitz"]

1. Nf3 Nf6 2. d4 g6 3. g3 Bg7 4. Bg2 d6 5. Nbd2 O-O 6. b3 c5 7. Bb2 cxd4 8. Nxd4
Qb6 9. c3 Nc6 10. O-O Bd7 11. N4f3 Rac8 12. Nc4 Qc7 13. Rc1 b5 14. Ncd2 Qb6 15.
c4 b4 16. Qc2 Na5 17. Bd4 Qb8 18. e4 Nc6 19. Ba1 Rfd8 20. Rfe1 e5 21. Nf1 Na5
22. Qd3 Bc6 23. N3d2 Nb7 24. f3 Nc5 25. Qe2 Nh5 26. Ne3 Qb6 27. Kh1 Qb7 28. Nd5
Bxd5 29. exd5 f5 30. Bb2 a5 31. Rcd1 Ra8 32. Rb1 Re8 33. Qf1 Rf8 34. Qe2 Rfe8
35. Nf1 Nf6 36. Qd2 h6 37. Re3 Kh7 38. Rbe1 h5 39. Qc2 Qf7 40. R3e2 Ra7 41. Bc1
Qf8 42. Be3 Nfd7 43. Nd2 Bh6 44. Bf2 Rb7 45. Bh3 Ra8 46. Rb1 Bxd2 47. Qxd2 e4
48. Qg5 Qd8 49. Qxd8 Rxd8 50. fxe4 Nxe4 51. Bd4 Ndc5 52. Bg2 Rbb8 53. Rbe1 Kg8
54. Bf3 Kf8 55. Kg2 Re8 56. Rf1 Rb7 57. h3 Rf7 58. Rfe1 Rfe7 59. Rf1 Nd7 60. g4
Nef6 61. Rxe7 Rxe7 62. gxh5 Ne5 63. Bd1 gxh5 64. Rxf5 Nf7 65. Bxf6 Re1 66. Bxh5
Ne5 67. Bh4+ Kg8 68. Rf2 Ra1 69. Rf7 Rxa2+ 70. Kg1 Ra1+ 71. Kg2 Ra2+ 72. Kg3
Nd3 73. Re7 Nc1 74. Kf3 Nxb3 75. Bf6 Nc5 76. Bg6 Ra3+ 77. Kf4 Nd3+ 78. Kg5 Ne5
79. Re8#  1-0

[Event "31. DSenEM2019 Gruppe 65+"]
[Site "Radebeul"]
[Date "2019.05.04"]
[Round "9.52"]
[White "Josting, Friedel"]
[Black "Gerl, Hans"]
[Result "1-0"]
[Annotator "lenovo"]
[BlackElo "1975"]
[BlackTeam "SGem Fürth"]
[EventDate "2019.??.??"]
[PlyCount "99"]
[WhiteElo "1855"]
[WhiteTeam "SG Bünde"]

1. d4 Nf6 2. Nf3 e6 3. Bf4 b6 4. e3 Bb7 5. Bd3 Be7 6. Nbd2 d6 7. h3 O-O 8. Qe2
c5 9. c3 Nc6 10. O-O Qd7 11. Rad1 Rfd8 12. g4 e5 13. dxe5 dxe5 14. Bf5 Qc7 15.
Bg3 a5 16. Bd3 Nd5 17. Nc4 f6 18. Qc2 h6 19. Nh4 b5 20. Na3 b4 21. Nb5 Qb6 22.
Bc4 Kf8 23. Qg6 Bc8 24. e4 Be6 25. exd5 Bf7 26. Qf5 Bd6 27. Ng6+ Bxg6 28. Qxg6
Ne7 29. Qe4 g6 30. h4 f5 31. gxf5 gxf5 32. Qe2 f4 33. Bh2 Kg7 34. Kh1 Rf8 35.
Rg1+ Kh8 36. Qg4 Nf5 37. Bd3 e4 38. Bxe4 Qxb5 39. Bxf5 Qb7 40. Qg6 Rxf5 41.
Qxf5 Qe7 42. Qg4 Be5 43. Bxf4 Bg7 44. Rde1 Qf7 45. Re6 Kh7 46. Qg6+ Qxg6 47.
Rexg6 Ra7 48. d6 bxc3 49. bxc3 Rf7 50. Rxg7+  1-0